000 00768nam a22001577a 4500
003 OSt
005 20151007145310.0
008 151007b xxu||||| |||| 00| 0 eng d
040 _cRUA
082 _aAVM CHH 2006 B077 Or.1
100 _92282
_aCHHIN SOTEARTH
245 _aThe effect of em (effectiv-microorganism) supplementation into drinking water with using hi-gro feed on growth rate of broiler chicken (avian), (ឥទ្ធិពលនៃការបន្ថែម EM ក្នុងទឹកមាន់ផឹកទៅលើការលូតលាស់របស់មាន់សាច់ពូជ Evian ដោយប្រើប្រាស់ចំណី HI-GRO)
260 _aphnom penh
_brua
_c2006
300 _ax, 44p.
_bill.
_c29cm.
942 _2ddc
_cAVM
999 _c2151
_d2151